000 00820nam a22002537a 4500
999 _c33532
_d33532
001 2783
003 CO-MdFUSB
005 20180622073123.0
008 171122t1996 sp ||||| |||| 00| 0 spa d
020 _a84-7645-910-06
040 _aCO-MdFUSB
_bspa
_cCO-MdFUSB
_dCO-MdFUSBC
_erda
041 0 _aspa
082 0 4 _aG 226.4 G6525s
100 1 _aGooding, David W. (Willoughby)
_eautor
245 1 0 _aSegún Lucas
_b : Una nueva exposición del tercer evangelio
_c / David Gooding ; Stuart Park, Traductor
264 4 _aBarcelona, España :
_bCLIE-Andamio,
_c©1996
300 _a438 Pag
336 _2rdacontent
_atexto
_btxt
337 _2rdamedia
_asin mediación
_bn
338 _2rdacarrier
_avolumen
_bnc
500 _aTítulo original : According to Luke
653 _aBiblia N.T. - Lucas - Comentarios
942 _cBK